1991: NFL Teams with the Least Points - Statistics

General Stats
  • This quiz has been taken 7 times
  • The average score is 9 of 10
Answer Stats
Number of points NFL Team % Correct
143 Indianapolis Colts
100%
234 Los Angeles Rams
100%
196 Phoenix Cardinals
100%
274 San Diego Chargers
100%
263 Cincinnati Bengals
83%
273 Green Bay Packers
83%
276 Seattle Seahawks
83%
199 Tampa Bay Buccaneers
83%
211 New England Patriots
67%
281 New York Giants
67%
No matching quizzes found
Score Distribution
Percent of People with Each Score
Percentile by Number Answered
Your Score History
You have not taken this quiz